Wszystkie miasta w Polsce powyżej 15 tysięcy mieszkańców - Statystyki

Ogólne statystyki
  • Ten quiz został rozwiązany 36 razy
  • Średni wynik to 207 z 288
Statystyki odpowiedzi
msc. Miasto L. Mieszkańców Województwo % Poprawnych
10. Białystok 292 058 podlaskie
100%
9. Bydgoszcz 328 370 kujawsko-pomorskie
100%
6. Gdańsk 486 492 pomorskie
100%
12. Gdynia 242 141 pomorskie
100%
2. Kraków 804 237 małopolskie
100%
4. Łódź 655 279 łódzkie
100%
8. Lublin 330 447 lubelskie
100%
20. Olsztyn 167 844 warmińsko-mazurskie
100%
27. Opole 126 300 opolskie
100%
5. Poznań 540 146 wielkopolskie
100%
14. Rzeszów 197 536 podkarpackie
100%
7. Szczecin 390 278 zachodniopomorskie
100%
16. Toruń 195 263 kujawsko-pomorskie
100%
1. Warszawa 1 861 644 mazowieckie
100%
3. Wrocław 674 132 dolnośląskie
100%
23. Bytom 148 687 śląskie
95%
69. Chełm 57 576 lubelskie
95%
13. Częstochowa 207 117 śląskie
95%
66. Ełk 59 942 warmińsko-mazurskie
95%
29. Gorzów Wielkopolski 115 847 lubuskie
95%
44. Nowy Sącz 80 446 małopolskie
95%
72. Przemyśl 56 466 podkarpackie
95%
15. Radom 196 918 mazowieckie
95%
67. Zamość 58 685 lubelskie
95%
24. Zielona Góra 139 132 lubuskie
95%
81. Bełchatów 52 567 łódzkie
91%
36. Chorzów 101 184 śląskie
91%
30. Dąbrowa Górnicza 114 148 śląskie
91%
31. Elbląg 113 195 warmińsko-mazurskie
91%
40. Grudziądz 89 081 kujawsko-pomorskie
91%
46. Jelenia Góra 75 429 dolnośląskie
91%
11. Katowice 279 119 śląskie
91%
18. Kielce 183 147 świętokrzyskie
91%
215. Koło 19 555 Wielkopolskie
91%
53. Konin 67 596 wielkopolskie
91%
33. Koszalin 105 905 zachodniopomorskie
91%
39. Legnica 92 568 dolnośląskie
91%
82. Piaseczno 51 985 mazowieckie
91%
32. Płock 111 927 mazowieckie
91%
56. Pruszków 65 388 mazowieckie
91%
25. Rybnik 131 323 śląskie
91%
196. Sandomierz 21 417 świętokrzyskie
91%
45. Siedlce 75 502 mazowieckie
91%
17. Sosnowiec 188 151 śląskie
91%
34. Tarnów 103 515 małopolskie
91%
37. Wałbrzych 101 082 dolnośląskie
91%
22. Zabrze 154 642 śląskie
91%
171. Zakopane 25 266 malopolskie
91%
19. Gliwice 170 457 śląskie
86%
59. Głogów 62 533 dolnośląskie
86%
57. Gniezno 63 932 wielkopolskie
86%
52. Inowrocław 67 745 kujawsko-pomorskie
86%
38. Kalisz 93 681 wielkopolskie
86%
74. Kędzierzyn-Koźle 54 847 opolskie
86%
99. Kołobrzeg 43 614 zachodniopomorskie
86%
105. Kutno 41 009 łódzkie
86%
64. Leszno 60 313 wielkopolskie
86%
51. Lubin 68 016 dolnośląskie
86%
116. Malbork 36 938 pomorskie
86%
71. Mielec 57 121 podkarpackie
86%
107. Mińsk Mazowiecki 39 979 mazowieckie
86%
134. Nowy Targ 33 049 małopolskie
86%
106. Nysa 40 987 opolskie
86%
98. Otwock 43 986 mazowieckie
86%
100. Radomsko 43 216 łódzkie
86%
42. Słupsk 86 027 pomorskie
86%
139. Sopot 32 115 pomorskie
86%
50. Suwałki 68 434 podlaskie
86%
97. Tarnobrzeg 44 012 podkarpackie
86%
35. Włocławek 101 450 kujawsko-pomorskie
86%
61. Żory 61 793 śląskie
86%
151. Augustów 29 108 podlaskie
82%
21. Bielsko-Biała 166 189 śląskie
82%
110. Chojnice 38 789 pomorskie
82%
101. Dębica 43 086 podkarpackie
82%
138. Iława 32 245 warmińsko-mazurskie
82%
95. Krosno 44 198 podkarpackie
82%
123. Oleśnica 35 210 dolnośląskie
82%
85. Ostrołęka 48 471 mazowieckie
82%
49. Ostrów Wielkopolski 69 477 wielkopolskie
82%
119. Oświęcim 35 806 małopolskie
82%
48. Piła 70 361 wielkopolskie
82%
54. Piotrków Trybunalski 66 901 łódzkie
82%
96. Puławy 44 171 lubelskie
82%
26. Ruda Śląska 131 062 śląskie
82%
73. Stalowa Wola 55 500 podkarpackie
82%
94. Starachowice 44 699 świętokrzyskie
82%
117. Świdnik 36 806 lubelskie
82%
88. Świętochłowice 45 644 śląskie
82%
108. Świnoujście 39 189 zachodniopomorskie
82%
62. Tarnowskie Góry 61 389 śląskie
82%
28. Tychy 122 605 śląskie
82%
180. Wałcz 23 691 zachodniopomorskie
82%
87. Wejherowo 46 271 pomorskie
82%
124. Żary 35 033 lubuskie
82%
150. Zgorzelec 29 109 dolnośląskie
82%
76. Będzin 54 061 śląskie
77%
75. Biała Podlaska 54 581 lubelskie
77%
153. Bochnia 28 572 małopolskie
77%
114. Bolesławiec 37 160 dolnośląskie
77%
130. Brzeg 33 599 opolskie
77%
133. Cieszyn 33 087 śląskie
77%
146. Czeladź 29 981 śląskie
77%
43. Jastrzębie-Zdrój 82 788 śląskie
77%
204. Jawor 20 713 dolnośląskie
77%
173. Kłodzko 24 933 dolnośląskie
77%
115. Kwidzyn 37 011 pomorskie
77%
65. Łomża 59 965 podlaskie
77%
166. Łowicz 26 099 łódzkie
77%
47. Mysłowice 71 473 śląskie
77%
254. Namysłów 16 879 Opolskie
77%
118. Nowa Sól 36 183 lubuskie
77%
154. Nowy Dwór Mazowiecki 28 533 mazowieckie
77%
137. Olkusz 32 467 małopolskie
77%
60. Ostrowiec Świętokrzyski 62 471 świętokrzyskie
77%
63. Pabianice 60 929 łódzkie
77%
83. Piekary Śląskie 51 876 śląskie
77%
197. Polkowice 21 416 dolnośląskie
77%
127. Sanok 34 504 podkarpackie
77%
58. Siemianowice Śląskie 63 657 śląskie
77%
109. Sieradz 38 960 łódzkie
77%
55. Stargard 66 816 zachodniopomorskie
77%
78. Świdnica 52 157 dolnośląskie
77%
92. Wodzisław Śląski 44 982 śląskie
77%
91. Ząbki 45 189 mazowieckie
77%
111. Zduńska Wola 38 650 łódzkie
77%
77. Zgierz 53 763 łódzkie
77%
195. Bartoszyce 21 497 warmińsko-mazurskie
73%
179. Bielsk Podlaski 23 932 podlaskie
73%
156. Brodnica 28 370 kujawsko-pomorskie
73%
128. Chrzanów 34 129 małopolskie
73%
125. Czechowice-Dziedzice 34 862 śląskie
73%
209. Działdowo 20 279 warmińsko-mazurskie
73%
162. Giżycko 27 438 warmińsko-mazurskie
73%
286. Grodzisk Wielkopolski 15 140 Wielkopolskie
73%
122. Jarosław 35 475 podkarpackie
73%
187. Kluczbork 22 070 opolskie
73%
182. Kościan 23 501 wielkopolskie
73%
184. Kościerzyna 23 327 pomorskie
73%
129. Lębork 34 081 pomorskie
73%
93. Marki 44 882 mazowieckie
73%
145. Mława 30 810 mazowieckie
73%
205. Mrągowo 20 702 warmińsko-mazurskie
73%
249. Nakło nad Notecią 17 062 Kujawsko-Pomorskie
73%
132. Oława 33 183 dolnośląskie
73%
147. Police 29 827 zachodniopomorskie
73%
84. Racibórz 49 883 śląskie
73%
79. Rumia 52 931 pomorskie
73%
90. Skierniewice 45 403 łódzkie
73%
89. Starogard Gdański 45 437 pomorskie
73%
203. Świebodzin 20 921 lubuskie
73%
113. Szczecinek 37 701 zachodniopomorskie
73%
70. Tczew 57 518 pomorskie
73%
68. Tomaszów Mazowiecki 57 728 łódzkie
73%
169. Wągrowiec 25 409 wielkopolskie
73%
161. Wieliczka 27 506 małopolskie
73%
120. Wołomin 35 739 mazowieckie
73%
167. Wyszków 26 042 mazowieckie
73%
86. Zawiercie 46 433 śląskie
73%
112. Żyrardów 38 621 mazowieckie
73%
148. Żywiec 29 723 śląskie
73%
188. Aleksandrów Łódzki 22 020 łódzkie
68%
186. Białogard 22 561 zachodniopomorskie
68%
174. Biłgoraj 24 932 lubelskie
68%
259. Bytów 16 448 Pomorskie
68%
102. Ciechanów 41 848 mazowieckie
68%
144. Dzierżoniów 30 822 dolnośląskie
68%
242. Garwolin 17 315 Mazowieckie
68%
192. Goleniów 21 605 zachodniopomorskie
68%
168. Gorlice 25 682 małopolskie
68%
255. Grójec 16 833 Mazowieckie
68%
212. Gryfino 19 845 Zachodniopomorskie
68%
220. Hajnówka 19 056 Podlaskie
68%
269. Hrubieszów 16 056 Lubelskie
68%
135. Jasło 32 936 podkarpackie
68%
41. Jaworzno 87 166 śląskie
68%
238. Końskie 17 514 Świętokrzyskie
68%
233. Łęczna 17 791 Lubelskie
68%
80. Legionowo 52 686 mazowieckie
68%
183. Lubliniec 23 392 śląskie
68%
163. Łuków 27 303 lubelskie
68%
104. Mikołów 41 479 śląskie
68%
243. Oborniki 17 305 Wielkopolskie
68%
275. Olecko 15 772 Warmińsko-Mazurskie
68%
143. Ostróda 31 432 warmińsko-mazurskie
68%
140. Pruszcz Gdański 32 093 pomorskie
68%
172. Pszczyna 25 177 śląskie
68%
271. Rawa Mazowiecka 16 001 Łódzkie
68%
213. Rawicz 19 805 Wielkopolskie
68%
152. Reda 28 588 pomorskie
68%
263. Słubice 16 236 Lubuskie
68%
131. Sochaczew 33 587 mazowieckie
68%
176. Turek 24 659 wielkopolskie
68%
273. Ustroń 15 979 Śląskie
68%
206. Wieluń 20 682 łódzkie
68%
141. Września 31 769 wielkopolskie
68%
181. Żagań 23 596 lubuskie
68%
227. Złotów 18 193 Wielkopolskie
68%
221. Bieruń 18 891 Śląskie
64%
265. Braniewo 16 173 Warmińsko-Mazurskie
64%
226. Chełmno 18 228 Kujawsko- Pomorskie
64%
126. Grodzisk Mazowiecki 34 589 mazowieckie
64%
281. Gryfice 15 472 Zachodniopomorskie
64%
165. Jarocin 26 316 wielkopolskie
64%
170. Kętrzyn 25 296 warmińsko-mazurskie
64%
142. Kraśnik 31 500 lubelskie
64%
240. Krasnystaw 17 439 Lubelskie
64%
236. Łańcut 17 626 Podkarpackie
64%
267. Łask 16 115 Łódzkie
64%
136. Luboń 32 801 wielkopolskie
64%
149. Myszków 29 560 śląskie
64%
219. Opoczno 19 116 Łódzkie
64%
193. Płońsk 21 578 mazowieckie
64%
103. Skarżysko-Kamienna 41 498 świętokrzyskie
64%
246. Sokółka 17 168 Podlaskie
64%
248. Strzelce Opolskie 17 069 Opolskie
64%
189. Szczytno 21 979 warmińsko-mazurskie
64%
241. Wadowice 17 331 Małopolskie
64%
266. Bogatynia 16 152 Dolnośląskie
59%
201. Grajewo 20 983 podlaskie
59%
244. Kamienna Góra 17 243 Dolnośląskie
59%
157. Krotoszyn 28 231 wielkopolskie
59%
214. Lubań 19 640 Dolnośląskie
59%
232. Myślenice 17 800 Małopolskie
59%
235. Pisz 17 754 Warmińsko-Mazurskie
59%
257. Pleszew 16 599 Wielkopolskie
59%
217. Pułtusk 19 198 Mazowieckie
59%
250. Sierpc 16 971 Mazowieckie
59%
178. Skawina 24 028 małopolskie
59%
160. Śrem 28 060 wielkopolskie
59%
175. Świecie 24 896 kujawsko-pomorskie
59%
272. Brzesko 15 980 Małopolskie
55%
239. Chodzież 17 489 Wielkopolskie
55%
164. Czerwionka-Leszczyny 26 614 śląskie
55%
210. Gostyń 19 932 Wielkopolskie
55%
120. Knurów 35 739 śląskie
55%
228. Łomianki 18 183 Mazowieckie
55%
211. Lubartów 19 879 Lubelskie
55%
190. Orzesze 21 881 śląskie
55%
194. Ostrów Mazowiecka 21 547 mazowieckie
55%
282. Rypin 15 466 Kujawsko-Pomorskie
55%
177. Środa Wielkopolska 24 364 wielkopolskie
55%
198. Sulejówek 21 358 mazowieckie
55%
155. Swarzędz 28 392 wielkopolskie
55%
231. Tomaszów Lubelski 17 940 Lubelskie
55%
202. Zambrów 20 944 podlaskie
55%
223. Andrychów 18 503 Małopolskie
50%
158. Bielawa 28 181 dolnośląskie
50%
277. Gubin 15 684 Lubuskie
50%
200. Józefów 21 140 mazowieckie
50%
159. Kobyłka 28 147 mazowieckie
50%
278. Kozienice 15 667 Mazowieckie
50%
284. Krapkowice 15 355 Opolskie
50%
199. Łaziska Górne 21 221 śląskie
50%
260. Lędziny 16 407 Śląskie
50%
280. Międzyrzec Podlaski 15 529 Lubelskie
50%
253. Międzyrzecz 16 924 Lubuskie
50%
256. Niepołomice 16 644 Małopolskie
50%
276. Nowogard 15 748 Zachodniopomorskie
50%
185. Piastów 22 994 mazowieckie
50%
218. Prudnik 19 126 Opolskie
50%
268. Radzionków 16 099 Śląskie
50%
258. Trzcianka 16 496 Wielkopolskie
50%
222. Trzebinia 18 613 Małopolskie
50%
247. Gostynin 17 107 Mazowieckie
45%
234. Kęty 17 772 Małopolskie
45%
216. Konstantynów Łódzki 19 200 Łódzkie
45%
236. Kostrzyn nad Odrą 17 626 Lubuskie
45%
261. Milanówek 16 370 Mazowieckie
45%
207. Nowa Ruda 20 543 dolnośląskie
45%
283. Ożarów Mazowiecki 15 413 Mazowieckie
45%
262. Przasnysz 16 350 Mazowieckie
45%
245. Pyskowice 17 178 Śląskie
45%
251. Radlin 16 938 Śląskie
45%
208. Rydułtowy 20 325 śląskie
45%
279. Sulechów 15 602 Lubuskie
45%
225. Szamotuły 18 342 Wielkopolskie
45%
287. Jelcz-Laskowice 15 088 Dolnośląskie
41%
252. Konstancin-Jeziorna 16 937 Mazowieckie
41%
224. Sokołów Podlaski 18 433 Mazowieckie
41%
288. Strzegom 15 026 Dolnośląskie
41%
230. Zielonka 18 086 Mazowieckie
41%
270. Libiąż 16 039 Małopolskie
36%
264. Pionki 16 174 Mazowieckie
36%
274. Ropczyce 15 828 Podkarpackie
36%
229. Ozorków 18 168 Łódzkie
32%
285. Solec Kujawski 15 290 Kujawsko-Pomorskie
32%
191. Świebodzice 21 870 dolnośląskie
27%
Nie znaleziono quizów pasujących do podanych kryteriów
Rozkład punktacji
Procent ludzi z każdym wynikiem
Percentyl według liczby udzielonych odpowiedzi
Twoja historia wyników
Nie rozwiązałeś tego quizu